000 00693cam a2200241 4500
001 sa 68014321
003 DLC
005 20260227112630.0
008 700206s1968 ii 00110 eng
010 _asa 68014321 //r933
025 _aPL480:I-E-11134
040 _aDLC
_cDLC
_dICU
_dDLC
043 _aa-ii---
050 0 0 _aQK358
_b.P33
082 0 0 _a582.13/0954/79
100 1 0 _aPatel, R. I.
_q(Raojibhai Ishwardas),
_d1917-
245 1 0 _aForest flora of Melghat
_c[by] R. I. Patel.
250 _a[1st ed.
260 0 _aDehradun,
_bBishen Singh Mahendra Pal Singh,
_c1968]
300 _axlviii, 380 p.
_c19 cm.
350 _a16.00
650 0 _aForest plants
_zIndia
_zMaharashtra (State)
999 _c85695
_d85695